Marque = Pays - Statistiques

Statistiques générales
  • Ce quiz a été pris 551 fois
  • Le résultat moyen est 12 sur 16
Statistiques - réponses
Par images Réponse % Correct
France
96%
France
95%
France
94%
Italie
94%
France
92%
Italie
92%
France
88%
Royaume-Uni
87%
Suisse
83%
Etats-Unis
80%
Italie
80%
Espagne
72%
Espagne
68%
Allemagne
65%
Suède
32%
Irlande
19%
Aucun quiz correspondant
Distribution des résultats
% des personnes avec chaque résultat
Percentile par nombre de réponses
Votre historique - résultats
Vous n’avez pas pris ce quiz